| 000 | 01224nam a2200241Ii 4500 | ||
|---|---|---|---|
| 003 | JO-AjNU | ||
| 005 | 20240625123137.0 | ||
| 008 | 230605s9999||||xx |||||||||||||| ||und|| | ||
| 040 |
_aJO-AjNU _bara _erda _cJO-AjNU |
||
| 041 | _aara | ||
| 050 | 1 | 4 | _aHD37.2022 |
| 100 | 1 |
_aقدوري، انوار غازي نعمان _eمعد _965639 |
|
| 245 | 0 | 0 |
_aدور نظام تخطيط موارد المنظمة في تحقيق الميزة التنافسية في مصانع الاسمنت(دراسة مقارنة بين الاردن والعراق) = The Role Of Enterprise Resource Planning System in Achieving Competitive Advantage in Cement Factories / _cاعداد انوار غازي نعمان قدوري؛ اشراف بلال احمد مثاني |
| 264 | 3 | 1 | _a 2022 |
| 300 | _a148 ورقة | ||
| 336 |
_atext _btxt _2rdacontent |
||
| 337 |
_aunmediated _bn _2rdamedia |
||
| 338 |
_avolume _bnc _2rdacarrier |
||
| 500 | _aرسالة جامعية(اطروحة ماجستير) تخصص ادارة الاعمال/كلية ادارة الاعمال، جامعة عجلون الوطنية، 2022 | ||
| 650 | 4 |
_aتخطيط موارد _962472 |
|
| 700 | 1 |
_aالمثاني، بلال احمد _965043 _eمشرف |
|
| 942 |
_2lcc _cTHS |
||
| 999 |
_c31858 _d31858 |
||